000 00910nam a22001937a 4500
999 _c1413
_d1413
005 20251125232737.0
008 s2525 th tha d
040 _aNALT
041 _atha
050 _aDS570.4 ส6ว6
100 0 _aวารี อัมไพรวรรณ
245 1 0 _aพระราชประวัติและพระราชกรณียกิจของสมเด็จพระนางเจ้าสิริกิติ์พระบรมราชินีนาถ
260 3 _aกรุงเทพฯ :
_bอักษรบัณฑิต,
_c2525
300 _a112 หน้า :
_b ภาพประกอบ
650 0 4 _aสิริกิติ์ พระบรมราชินีนาถ, สมเด็จพระนางเจ้า, 2475
850 _aNALT
856 4 0 _uhttps://hdl.handle.net/20.500.14156/448123
_71
942 _cGB
_2lcc